| 000 | 00000nam##2200000za#4500 |
| 001 | 9.605147 |
| 003 | CaOODSP |
| 005 | 20210624211952 |
| 007 | cr ||||||||||| |
| 008 | 150406|2008||||xxc|||||o f|0| 0 fre|d |
| 040 | |aCaOODSP|bfre |
| 043 | |an-cn--- |
| 086 | 1 |aTU3-5/08-45F-PDF |
| 110 | 2 |aBureau de la sécurité des transports du Canada. |
| 245 | 10|aAtterrissage dur après sortie au moteur d'une autorotation de l'hélicoptère Eurocopter AS 350 BA Astar C-FHHH exploité par Universal Helicopters Newfoundland Limited à Mount Pearl (Terre-neuve-et-Labrador), le 10 janvier 2008 |h[ressource électronique] |
| 260 | |aGatineau - Québec : |bBureau de la sécurité des transports du Canada |c[2008]. |
| 300 | |a12p.|bill. en couleur, figure |
| 490 | 1 |aRapport d'enquête aéronautique |vA08A0007 |
| 590 | |a13-03-Supp|b2013-02-11 |
| 775 | 08|tHard landing – Power recovery autorotation, Universal Helicopters Newfoundland Limited Eurocopter AS 350 BA Astar (Helicopter), C-FHHH Mount Pearl, Newfoundland and Labrador, 10 January 2008 |w(CaOODSP)9.575653 |
| 830 | #0|aRapport d'enquête aéronautique ;|vA08A0007|w(CaOODSP)9.501229 |
| 856 | 40|ahttp://publications.gc.ca|qPDF|s345 Ko|uhttps://publications.gc.ca/collections/collection_2013/bst-tsb/TU3-5-08-45-fra.pdf|yA08A0007 |